A study on business taxes and transfer taxes under the train law / (Record no. 295)

MARC details
000 -LEADER
fixed length control field 00657nam a22001937a 4500
003 - CONTROL NUMBER IDENTIFIER
control field OSt
005 - DATE AND TIME OF LATEST TRANSACTION
control field 20240624062758.0
008 - FIXED-LENGTH DATA ELEMENTS--GENERAL INFORMATION
fixed length control field 240606b |||||||| |||| 00| 0 eng d
020 ## - INTERNATIONAL STANDARD BOOK NUMBER
International Standard Book Number 9786214160716
040 ## - CATALOGING SOURCE
Original cataloging agency DWC- Main Lib
Transcribing agency OC
082 ## - DEWEY DECIMAL CLASSIFICATION NUMBER
Classification number Fil. 345.990 R456s 2019
100 ## - MAIN ENTRY--PERSONAL NAME
Personal name Reyes, Virgilio
245 ## - TITLE STATEMENT
Title A study on business taxes and transfer taxes under the train law /
Statement of responsibility, etc. Virgilio Reyes.
250 ## - EDITION STATEMENT
Edition statement 2019 edition.
260 ## - PUBLICATION, DISTRIBUTION, ETC.
Place of publication, distribution, etc. Manila, Philippines :
Name of publisher, distributor, etc. GIC Enterprises & Co., Inc.,
Date of publication, distribution, etc. c2019.
300 ## - PHYSICAL DESCRIPTION
Extent ix, various pages :
Other physical details illustrations ;
Dimensions 23cm.
650 ## - SUBJECT ADDED ENTRY--TOPICAL TERM
Topical term or geographic name entry element 1. Inheritance and transfer tax- law and legislation.
942 ## - ADDED ENTRY ELEMENTS (KOHA)
Source of classification or shelving scheme Dewey Decimal Classification
Koha item type Book-Filipiniana
Suppress in OPAC Yes
952 ## - LOCATION AND ITEM INFORMATION (KOHA)
--
952 ## - LOCATION AND ITEM INFORMATION (KOHA)
--
952 ## - LOCATION AND ITEM INFORMATION (KOHA)
--
Holdings
Withdrawn status Lost status Source of classification or shelving scheme Damaged status Not for loan Home library Current library Date acquired Source of acquisition Cost, normal purchase price Total Checkouts Full call number Barcode Date last seen Copy number Price effective from Koha item type Uniform Resource Identifier
    Dewey Decimal Classification     College Library College Library 01/24/2020 School Fund 300.00   Fil. 345.990 R456s 2019 52419 06/06/2024 c1 06/06/2024 BK - FIL
    Dewey Decimal Classification     College Library College Library 01/24/2020 School Fund 300.00   Fil. 345.990 R456s 2019 52420 06/06/2024 c2 06/06/2024 BK - FIL
    Dewey Decimal Classification     College Library College Library 01/24/2020 School Fund 300.00   Fil. 345.990 R456s 2019 52437 06/06/2024 c3 06/06/2024 BK - FIL